000
00337nam a2200145Ia 4500
008
210716s1983 xx 000 0 und d
041
_a
eng
082
_a
330 DOLE
100
_a
Dolan, Edwin G.
245
_a
Basic economics.
250
_a
1
260
_a
New York
_b
The Dyden press
_c
1983
300
_a
773
650
_a
Economics(330)
999
_c
202260
_d
202260